Personnel administration and human resources management
Guardat en:
| Autor principal: | |
|---|---|
| Format: | Llibre |
| Idioma: | anglès |
| Publicat: |
Santa Bárbara
John Wiley
1976
|
| Matèries: | |
| Etiquetes: |
Afegir etiqueta
Sense etiquetes, Sigues el primer a etiquetar aquest registre!
|
MARC
| LEADER | 00000nam a2200000 a 4500 | ||
|---|---|---|---|
| 001 | UCQ1169 | ||
| 003 | CL-VaPUC | ||
| 008 | 980709e19760000US |||||||||||||||||eng|d | ||
| 082 | 0 | 4 | |a 658.3 |b SIK |2 21 |
| 100 | 0 | |a Sikula, Andrew F |e author |9 414812 | |
| 245 | 1 | 0 | |a Personnel administration and human resources management |
| 300 | |a 456 p | ||
| 942 | |c BK | ||
| 945 | |d 19980709 00:00:00 |a cmena | ||
| 260 | |a Santa Bárbara |b John Wiley |c 1976 | ||
| 650 | 0 | |a Administración del personal |9 260442 | |
| 650 | 0 | |a Recursos humanos |9 228420 | |
| 650 | 7 | |a FORMACION DEL PERSONAL |2 CL-VaPUC |9 414813 | |
| 650 | 7 | |a PLANIFICACION Y CONTROL |2 CL-VaPUC |9 414814 | |
| 650 | 7 | |a SELECCION DEL PERSONAL |2 CL-VaPUC |9 324534 | |
| 650 | 0 | |a Seguridad |9 354178 | |
| 650 | 0 | |a Medidas de seguridad |9 264085 | |
| 583 | |a last modification |c 19980709 00:00:00 |k Rodrigo Vera | ||
| 999 | |c 272173 |d 272171 | ||
| 952 | |0 0 |1 0 |4 0 |6 658_300000000000000_SIK_1976 |7 0 |8 P |9 307047 |a BIBGIM |b BIBGIM |d 2019-11-20 |i 1433903 |o 658.3 SIK 1976 |p 1433903 |r 2025-01-15 |w 2019-11-20 |y BK |k COM | ||